| 000 | 006070000a22001930004500 | ||
|---|---|---|---|
| 003 | LK-CoMWRAF | ||
| 005 | 20240122234148.0 | ||
| 008 | 230817t1990 ||||| |||| 00| 0 eng d | ||
| 040 |
_aLK-CoMWRAF _dLK-CoMWRAF _eLK-CoMWRAF |
||
| 041 | _aeng | ||
| 082 |
_a305.4095 _bFEM |
||
| 245 |
_aFeminism : _bIndian debates, 1990 |
||
| 260 |
_aBombay: _bResearch Centre for Women's Studies, Shreemati Nathibai Damodar Thackersey Women's University, _c1990 |
||
| 300 | _a163 p. ; 29 cm | ||
| 490 |
_aReadings on women studies series _v1 |
||
| 650 | _aWOMEN-India | ||
| 700 | _aKrishna Raj, Maithreyi | ||
| 942 | _cBK | ||
| 999 |
_c2745 _d2745 |
||